Si Poesía

保存先:
書誌詳細
第一著者: Ubiergo Bernal, Pedro (著者)
フォーマット: 図書
言語:スペイン語
出版事項: Valparaíso Alba Producciones 2007
主題:
タグ: タグ追加
タグなし, このレコードへの初めてのタグを付けませんか!

MARC

LEADER 00000nam a2200000 a 4500
001 UCI3512
003 CL-VaPUC
008 071109e20070000CL |||||||||||||||||spa|d
020 |a 9789563108132 
082 0 4 |a Ch861  |b UBI  |2 21 
100 0 |a Ubiergo Bernal, Pedro  |e author  |9 524862 
245 1 0 |a Si Poesía  
300 |a 120 p 
942 |c BK 
945 |d 20071109 00:00:00  |a rbrito 
260 |a Valparaíso  |b Alba Producciones  |c 2007 
650 0 |a Poesías chilenas   |9 265280 
583 |a last modification  |c 20071109 00:00:00  |k Rodrigo Vera 
999 |c 327669  |d 327667 
952 |0 0  |1 0  |4 0  |6 CH_861_000000000000000_UBI_2007  |7 0  |8 A  |9 410818  |a BIBCUR  |b BIBCUR  |d 2019-11-22  |i 4386671  |o Ch861 UBI 2007  |p 4386671  |r 2025-04-22  |w 2019-11-22  |y BK  |k BCB